000 00385nam a2200145Ia 4500
008 180315s9999||||xx |||||||||||||| ||und||
082 _aWL 140
_bMOD
100 _aChopra,Jagit S.
245 0 _aModern Trends in Neurology (SSH)
_cChopra,Jagit S.
250 _a1st
260 _aNew Delhi India
_bB.I. Churchill Livingstone
_c1991
300 _a223
650 _aNeurology
942 _cBK
999 _c509
_d509